Manual de dirección de proyectos de equipamiento con construcción de infraestructura hospitalaria : plan para la etapa de ejecución de contrato por la DEI-CCSS
Guardado en:
| Autor principal: | |
|---|---|
| Formato: | Libro |
| Lenguaje: | Spanish |
| Publicado: |
[San José , Costa Rica]
2010
|
| Materias: |
CAJA COSTARRICENSE DE SEGURO SOCIAL (SAN JOSE).. GERENCIA DE INFRAESTRUCTURA Y TECNOLOGIA. DIRECCION DE EQUIPAMIENTO INSTITUCIONAL
> HOSPITALES
> CONSTRUCCION
> EQUIPO Y SUMINISTROS
> INDUSTRIA DE LA CONSTRUCCION
> ADMINISTRACION
> PLANIFICACION
> NORMAS
> ADMINISTRACION DE PROYECTOS
> CONTRATOS Y ESPECIFICACIONES
> MANUALES
|
| Etiquetas: |
Agregar Etiqueta
Sin Etiquetas, Sea el primero en etiquetar este registro!
|
MARC
| LEADER | 00000nam a22000007a 4500 | ||
|---|---|---|---|
| 003 | 013018 | ||
| 005 | 20221231144424.0 | ||
| 008 | 190408b2010 c a|||| |m|| 00| ||spa d | ||
| 040 | |c cru CEDI | ||
| 090 | |a TFG 8168 | ||
| 100 | |9 7019 |a Chacón Hernández, Kattia | ||
| 245 | |a Manual de dirección de proyectos de equipamiento con construcción de infraestructura hospitalaria : plan para la etapa de ejecución de contrato por la DEI-CCSS | ||
| 260 | |a [San José , Costa Rica] |c 2010 | ||
| 500 | |a Tesis (posgrado en ingeniería civil con énfasis en administración de la construcción)--Universidad de Costa Rica. Sistema de Estudios de Posgrado | ||
| 501 | |a Director del Proyecto: Ing. Marcos Rodríguez Mora, Msc. | ||
| 650 | |x CAJA COSTARRICENSE DE SEGURO SOCIAL (SAN JOSE).. GERENCIA DE INFRAESTRUCTURA Y TECNOLOGIA. DIRECCION DE EQUIPAMIENTO INSTITUCIONAL |x HOSPITALES |x CONSTRUCCION |x EQUIPO Y SUMINISTROS |x INDUSTRIA DE LA CONSTRUCCION |x ADMINISTRACION |x PLANIFICACION |x NORMAS |x ADMINISTRACION DE PROYECTOS |x CONTRATOS Y ESPECIFICACIONES |x MANUALES |9 16357 | ||
| 942 | |c TFG | ||
| 999 | |c 21657 |d 21657 | ||
